000 00610nam a2200253Ia 4500
005 20260320200835.0
008 008 262003s9999 xx 000 0 eng d
020 _a9781580533751
037 _aEBOOK
040 _aCRL
040 _beng
040 _cCRL
041 _2eng
041 _aeng
084 _qCRL
100 _aArshak
_91133563
245 0 _aAdvanced Materials and Techniques for Radiation Dosimetry
260 _bIEEE
260 _c2006
856 _uhttps://ieeexplore.ieee.org/servlet/opac?bknumber=9100990
942 _cEBOOK
999 _c1717223
_d1717223